Tilastot visalle Pääkaupunki ja valtio alkavat samalla kirjaimella

Klikkaa tästä pelataksesi tätä visaa!

Yleistilastot

  • Tätä visaa on pelattu 343 kertaa
  • Keskiarvotulos 19 / 30

Vastaustilastot

KirjainMaa / pääkaupunki% Oikein
BBrasilia / Brasilia
81%
AAlgeria / Alger
78%
VVatikaani / Vatikaani
78%
LLuxemburg / Luxemburg
77%
AAndorra / Andorra la Vella
76%
BBelgia / Bryssel
75%
DDjibouti / Djibouti
73%
MMeksiko / Mexico City
73%
TTunisia / Tunis
72%
AAlankomaat / Amsterdam
70%
PPanama / Panama City
70%
MMonaco / Monaco
68%
SSan Marino / San Marino
68%
MMalediivit / Malé
67%
GGuatemala / Guatemala City
66%
BBarbados / Bridgetown
57%
BBrunei / Bandar Seri Begawan
56%
SSingapore / Singapore
56%
KKongon demokraattinen tasavalta / Kinshasa
54%
TTaiwan / Taipei
54%
KKuwait / Kuwait City
53%
NNiger / Niamey
53%
SSão Tomé ja Príncipe / São Tomé
52%
BBelize / Belmopan
50%
MMarshallinsaaret / Majuro
50%
GGuyana / Georgetown
49%
PPohjois-Korea / Pjongjang
48%
PPapua-Uusi-Guinea / Port Moresby
46%
MMosambik / Maputo
45%
SSri Lanka / Sri Jayawardenepura Kotte
41%

Tulosjakauma

Persentiili vastausten määrän mukaan

Jokaisen tuloksen saaneiden osuus

Tuloshistoriasi

Et ole pelannut tätä visaa